000 01740nam a2200241Ia 4500
008 260220t1995||||xx |||||||||||||| ||spa||
020 _a8422658554
040 _aPY-SlUNAC
_bspa
_erda
041 _aspa
082 _a320.04
_bC743c
245 0 _aCon España en el corazón 1975 - 1995 :
_bprimer discurso de la corona y los mensajes navideños del Rey
264 _aBarcelona :
_bCírculo de Lectores,
_c℗1995.
300 _a1 volumen
520 _a"Con España en el corazón 1975-1995" compila los discursos del Rey de España y sus mensajes navideños durante un periodo crucial de la historia del país, abarcando desde la muerte de Franco hasta la consolidación de la democracia. Este libro ofrece un análisis profundo de la evolución del papel de la monarquía en la sociedad española, reflejando los desafíos políticos y sociales que enfrentó la nación en esos años. Los textos seleccionados destacan la importancia de la unidad nacional, la reconciliación y la modernización, así como el compromiso del Rey con los valores democráticos. A través de estas intervenciones, se documenta cómo la figura monárquica buscó conectar emocionalmente con los ciudadanos, promoviendo un sentido de pertenencia y esperanza ante los cambios. Con un enfoque en la retórica real y su impacto en la opinión pública, esta obra es un recurso valioso para comprender la transición española y la evolución del liderazgo monárquico en un contexto democrático.
653 _aDiscursos
653 _aHistoria contemporánea
653 _aMonarquía
942 _b2026/02/17
_cBK
999 _c7007
_d7007